Normal view
MARC view
- Laforet, Vincent
Entry Personal Name
001 - CONTROL NUMBER
- control field: 81101
003 - CONTROL NUMBER IDENTIFIER
- control field: NUST
005 - DATE AND TIME OF LATEST TRANSACTION
- control field: 20210727113242.0
008 - FIXED-LENGTH DATA ELEMENTS
- fixed length control field: 210727|| aca||aabn | a|a d
040 ## - CATALOGING SOURCE
- Original cataloging agency: NUST
- Transcribing agency: NUST
100 ## - HEADING--PERSONAL NAME
- Personal name: Laforet, Vincent
670 ## - SOURCE DATA FOUND
- Source citation: Work cat.: (NUST)0: Laforet, Vincent, photographer., AIR /
